Il dubbio /

Đã lưu trong:
Chi tiết về thư mục
Tác giả chính: Shore, Howard (Nhà soạn nhạc)
Tác giả khác: Deakins, Roger (Nhiếp ảnh gia), Streep, Meryl (Diễn viên), Adams, Amy (Diễn viên), Shanley, John Patrick (Giám đốc, Người viết kịch bản), Rudin, Scott (Nhà sản xuất), Hoffman, Philip Seymour (Diễn viên)
Định dạng: Slide
Ngôn ngữ:Tiếng Italy
Nhiều Ngôn ngữ
Được phát hành: Milano : Walt Disney studios home entertainment, [dopo il 2008]
Các nhãn: Thêm thẻ
Không có thẻ, Là người đầu tiên thẻ bản ghi này!

MARC

LEADER 00000ngm a22000007i 4500
001 IT\ICCU\LO1\1256369
003 ItRI
005 20260124182844.0
008 090715s2009 it |||||||||||||||k|||||c
024 3 1 |a 8717418208882 
028 4 2 |a BIA0157802 
028 4 2 |a BIB0157902  |b versione noleggio 
040 |b ita 
041 7 |a ita  |a mul  |2 ISO-639-2 
082 |a 791.43  |9 CINEMA  |2 19 
130 0 |a Doubt <film ; 2008>  |3 IT\ICCU\LO1\1260342 
245 0 3 |a Il dubbio /  |c scritto per lo schermo e diretto da John Patrick Shanley ; ispirato all'opera teatrale di John Patrick Shanley ; musiche di Howard Shore ; direttore della fotografia Roger Deakins ; prodotto da: Scott Rudin ... [et al.]. 
260 |a Milano :  |b Walt Disney studios home entertainment,  |c [dopo il 2008] 
300 |a 1 DVD video (104 min.) ;  |c in contenitore, 19 cm 
500 |a Caratteristiche tecniche: regione 2; formato video 16x9, 1.85:1; doppio strato; Dolby Digital 5.1 
500 |a Linguee sottotitoli: italiano, inglese anche per non udenti, tedesco, turco; sottotitoli anche in: arabo, croato, sloveno, serbo 
500 |a Tit. del contenitore 
500 |a Produzione cinematografica USA 2008 
500 |a Interpreti: Meryl Streep, Philip Seymour Hoffman, Amy Adams 
500 |a Contenuti speciali: il dubbio: dal palcoscenico allo schermo; La composizione della colonna sonora; Il cast; Le suore della carità; Commenti audio. 
700 1 |a Deakins, Roger  |0 IT\ICCU\LO1V\258741  |4 pht 
700 1 |a Shore, Howard  |0 IT\ICCU\RAVV\088516  |4 cmp 
700 1 |a Streep, Meryl  |0 IT\ICCU\RAVV\089701  |4 act 
700 1 |a Adams, Amy  |0 IT\ICCU\RAVV\370133  |4 act 
700 1 |a Shanley, John Patrick  |0 IT\ICCU\UBOV\485552  |4 ant 
700 1 |a Shanley, John Patrick  |0 IT\ICCU\UBOV\485552  |4 drt 
700 1 |a Shanley, John Patrick  |0 IT\ICCU\UBOV\485552  |4 sce 
700 1 |a Rudin, Scott  |0 IT\ICCU\UBOV\521152  |4 pro 
700 1 |a Hoffman, Philip Seymour  |0 IT\ICCU\UBOV\680590  |4 act 
752 |a it   |d Milano 
790 1 |a Deakins, Roger A.  |3 IT\ICCU\SBNV\028984  |z Deakins, Roger 
790 1 |a Shore, Howard Leslie  |3 IT\ICCU\SBNV\094431  |z Shore, Howard 
790 1 |a Hoffman, Philip  |3 IT\ICCU\SBNV\037280  |z Hoffman, Philip Seymour 
942 |2 ddc  |c VM  |n 0 
952 |0 0  |1 0  |4 0  |6 VO_1707_000000000000000  |7 0  |9 27060  |a BO  |b BO  |d 2026-01-24  |i 13116  |l 0  |o VO 1707  |p BO13116  |r 2026-01-24 18:28:44  |w 2026-01-24  |x [Sebina 5] [1 v.]  |y VM  |z 1 v. 
999 |c 22899  |d 22899